Statistics for Title in the Lyrics Quiz #9

Click here to take the quiz!

General Stats

  • This quiz has been taken 40,716 times
  • The average score is 10 of 16

Answer Stats

Song Lyric % Correct
In the jungle, the mighty jungle / {The} {lion} {sleeps} {tonight}
93%
{My} {humps} / My lovely lady lumps
83%
Everybody was {kung} {fu} {fighting} / Those cats were fast as lightning
83%
{Bad} {boys} whatcha gonna do / Whatcha gonna do when they come for you
76%
{Amazing} {grace}, how sweet the sound / That saved a wretch like me
69%
{California} {gurls}, we're unforgettable / Daisy Dukes, bikinis on top
68%
{Lean} {on} {me} / When you're not strong / And I'll be your friend / I'll help you carry on
66%
I want your love, and I want your revenge / You and me could write a {bad} {romance}
62%
{It}'{s} {my} {party}, and I'll cry if I want to. Cry if I want to, cry if I want to
59%
Hands / Touching hands / Reaching out / Touching me / Touching you / {Sweet} {Caroline}
58%
I'm pickin' up {good} {vibrations} / She's giving me excitations
52%
We could have had it all / {rolling} {in} {the} {deep} / You had my heart inside of your hands
47%
{We} {didn}'{t} {start} {the} {fire} / It was always burning / Since the world's been turning
45%
And you could have it all / My empire of dirt / I will let you down / I will make you {hurt}
40%
{Starships} were meant to fly / Hands up, and touch the sky
40%
What will we do with the {drunken} {sailor}? Earlye in the morning?
38%

Score Distribution

Percentile by Number Answered

Percent of People with Each Score

Your Score History

You have not taken this quiz